000 00746nam a2200217Ii 4500
003 JO-AjNU
008 230605s9999||||xx |||||||||||||| ||und||
017 _a1980/4403
020 _a1977-7239-01-1
040 _aJO-AjNU
_bara
_erda
_cJO-AjNU
041 _aara
050 1 4 _aHF1016.M8368.1981
100 3 _aتأليف: علي،محمد فتحي محمد,
_eauthor
_915560
245 0 0 _aالاحصاء في اتخاذ القرارات التجارية وبحوث العمليات
264 3 1 _aالقاهرة:مكتبة عين شمس،1981
300 _a414ص
336 _atext
_btxt
_2rdacontent
337 _aunmediated
_bn
_2rdamedia
338 _avolume
_bnc
_2rdacarrier
650 4 _aالتجارة - أساليب إحصائية 
_915561
999 _aA4423
_c7991
_d7991